Nápravné opatrenia Prvok č. 14 normy ISO 9000, základný regulačný prostriedok SRA
Definícia akosti doplnená o požiadavky na služby zákazníkom. Zabezpečenie toku vertikálnych a horizontálnych informácií z procesov i do procesov. Pri správnom používaní nápravných opatrení by sa v dobre fungujúcom SRA vyskytnutá chyba nemala opakovať. Zdroje informácií o chybách. Evidencia, náležito...
Guardado en:
| Autor principal: | |
|---|---|
| Formato: | Capítulo de libro |
| Lenguaje: | eslovaco |
| Materias: | |
| Etiquetas: |
Sin Etiquetas, Sea el primero en etiquetar este registro!
|
MARC
| LEADER | 00000naa a2200000 4500 | ||
|---|---|---|---|
| 001 | r016416 | ||
| 005 | 20221213113443.7 | ||
| 041 | 0 | |a slo | |
| 044 | |a SK | ||
| 245 | 1 | 0 | |a Nápravné opatrenia |b Prvok č. 14 normy ISO 9000, základný regulačný prostriedok SRA |c P. Frischer |
| 520 | |a Definícia akosti doplnená o požiadavky na služby zákazníkom. Zabezpečenie toku vertikálnych a horizontálnych informácií z procesov i do procesov. Pri správnom používaní nápravných opatrení by sa v dobre fungujúcom SRA vyskytnutá chyba nemala opakovať. Zdroje informácií o chybách. Evidencia, náležitosti kontrolného listu (karty) nápravného opatrenia, formulár. Neperspektívnym riešením je udržiavať nepodarky v medziach "prijateľnosti". Prehľad metód a techník kvality. Uplatnenie nového spôsobu nazerania na akosť. | ||
| 610 | 2 | 0 | |a Slovensko |
| 610 | 2 | 0 | |a kvalita výrobkov |
| 610 | 2 | 0 | |a riadenie kvality |
| 610 | 2 | 0 | |a normy |
| 610 | 2 | 0 | |a ISO 9000 |
| 610 | 2 | 0 | |a zákazníci |
| 100 | 1 | |a Frischer, P. | |